Alle deutschen Städte mit N - Statistiken

Allgemein
  • Dieses Quiz wurde 1.427 mal gespielt
  • Das Durchschnittsergebnis liegt bei 35 aus 97
Antwortstatistiken
Einwohner Stadt BL % Korrekt
515.543 Nürnberg BY
100%
153.109 Neuss NW
87%
79.905 Neumünster SH
82%
63.372 Neubrandenburg MV
74%
79.155 Norderstedt SH
74%
46.037 Neunkirchen SL
71%
53.306 Neustadt an der Weinstraße RP
71%
64.860 Neuwied RP
71%
40.969 Nordhausen TH
71%
58.841 Neu-Ulm BY
70%
24.767 Norden NI
69%
53.839 Nordhorn NI
69%
41.154 Nürtingen BW
67%
29.662 Neuburg an der Donau BY
65%
20.674 Nördlingen BY
61%
29.092 Northeim NI
61%
18.540 Nauen BB
59%
477 Neumark TH
59%
44.586 Neustadt am Rübenberge NI
58%
31.443 Nienburg/Weser NI
58%
40.243 Neumarkt in der Oberpfalz BY
57%
30.764 Neuruppin BB
55%
20.151 Neustrelitz MV
55%
32.053 Naumburg (Saale) ST
53%
42.438 Nettetal NW
51%
8.308 Neuenbürg BW
50%
12.339 Neuenburg am Rhein BW
49%
38.204 Neu-Isenburg HE
49%
15.154 Neustadt in Holstein SH
49%
26.102 Nordenham NI
49%
26.324 Neckarsulm BW
48%
13.224 Neustadt an der Aisch BY
48%
17.314 Nidda HE
45%
4.559 Nassau RP
42%
22.672 Nagold BW
41%
10.089 Niebüll SH
41%
27.532 Neukirchen-Vluyn NW
40%
14.493 Neustadt an der Donau BY
40%
3.395 Neustadt (Dosse) BB
40%
8.808 Neuhaus am Rennweg TH
39%
5.723 Neustadt an der Waldnaab BY
39%
11.962 Neustadt in Sachsen SN
39%
38.512 Niederkassel NW
39%
6.032 Norderney NI
39%
9.947 Neustadt (Hessen) HE
37%
10.510 Nossen SN
36%
7.590 Naila BY
33%
13.349 Neckargemünd BW
33%
6.997 Neustadt-Glewe MV
32%
5.003 Naumburg (Hessen) HE
31%
6.104 Nienburg (Saale) ST
31%
9.198 Niesky SN
31%
6.912 Nortorf SH
31%
20.556 Nidderau HE
30%
23.033 Netphen NW
29%
14.995 Neustadt bei Coburg BY
28%
9.917 Niddatal HE
28%
6.173 Nabburg BY
26%
8.441 Nierstein RP
26%
11.772 Neuenrade NW
25%
22.482 Neusäß BY
25%
9.095 Neustadt an der Orla TH
25%
10.155 Nideggen NW
24%
10.208 Nieder-Olm RP
24%
14.619 Neu-Anspach HE
23%
10.124 Neuenstadt am Kocher BW
23%
3.044 Nebra (Unstrut) ST
21%
3.854 Neckarsteinach HE
20%
10.228 Neuenhaus NI
20%
4.020 Neukloster MV
18%
1.129 Neustadt am Kulm BY
18%
14.018 Neutraubling BY
18%
8.345 Neunburg vorm Wald BY
17%
6.026 Nieheim NW
17%
6.894 Neukirchen (Knüll) HE
16%
4.072 Neckarbischofsheim BW
15%
3.937 Neubukow MV
15%
7.991 Neresheim BW
14%
8.852 Neuötting BY
13%
2.005 Niemegk BB
12%
6.621 Neuenstein BW
11%
1.512 Neuerburg RP
11%
9.053 Nittenau BY
10%
5.731 Neubulach BW
9%
6.247 Neuffen BW
9%
6.295 Neumarkt-St. Veit BY
9%
5.392 Niedenstein HE
9%
4.721 Niederstotzingen BW
9%
5.742 Nottertal-Heilinger Höhen TH
8%
4.265 Nastätten RP
7%
8.721 Naunhof SN
7%
4.800 Niederstetten BW
7%
3.770 Netzschkau SN
6%
5.302 Neudenau BW
6%
1.747 Neukalen MV
6%
4.073 Niedernhall BW
6%
3.264 Neusalza-Spremberg SN
5%
Keine übereinstimmenden Quizze gefunden
Verteilung der Resultate
Anzahl Personen mit jedem Resultat
Perzentil nach korrekt beantworteten Fragen
Ihre Resultats-Entwicklung
Sie haben dieses Quiz noch nicht gespielt